000
00333nam a2200157Ia 4500
100
_a
Gulati/ R.R.
650
_a
Electrical Engineering
942
_c
BK
654
_a
Colour T.V
245
_a
Colour T.V
260
_b
Wiley eastern
_a
NEW DELHI
_c
1988
082
_a
621.3
_b
Gul
300
_a
536
546
_a
ENGLISH
999
_c
34741
_d
34741